000 00485nam a2200193Ia 4500
005 20240823023939.0
008 240823s9999||||xx |||||||||||||| ||und||
020 _a978-81-250-3019-0
041 _aENGLISH
082 _A420 P8
100 _aDepartment of Humanities and Social Sciences
245 0 _aEnglish for Engineers and Technologies
250 _a1st
260 _c2008
_b#VALUE!
500 _aTRANSFERED
650 _aEnglish
_bEnglish
942 _cBK
999 _c182754
_d182754